|
|
|
|
| LEADER |
00831nam a2200313 4500 |
| 001 |
DLU210196249 |
| 005 |
##20210429 |
| 020 |
# |
# |
|a 9786041142299
|
| 040 |
# |
# |
|a DLU
|b vie
|
| 041 |
# |
# |
|a vie
|
| 044 |
# |
# |
|a vn
|
| 082 |
# |
# |
|a 895.922 8
|b NG-N
|
| 100 |
# |
# |
|a Nguyễn Vĩnh Nguyên.
|
| 245 |
# |
# |
|a Với Đà Lạt ai cũng là lữ khách :
|b Tản văn /
|c Nguyễn Vĩnh Nguyên.
|
| 260 |
# |
# |
|a Tp. Hồ Chí Minh :
|b Trẻ,
|c 2019.
|
| 300 |
# |
# |
|a 158 tr. ;
|c 20 cm.
|
| 650 |
# |
# |
|a Tạp văn
|y Thế kỷ 21.
|
| 650 |
# |
# |
|a Văn học Việt Nam
|y Thế kỷ 21.
|
| 923 |
# |
# |
|a 03/2020
|
| 991 |
# |
# |
|a SH
|
| 992 |
# |
# |
|a 58000
|
| 994 |
# |
# |
|a DLU
|
| 900 |
# |
# |
|a True
|
| 911 |
# |
# |
|a Nguyễn Thanh Hương
|
| 925 |
# |
# |
|a G
|
| 926 |
# |
# |
|a A
|
| 927 |
# |
# |
|a SH
|
| 980 |
# |
# |
|a Thư viện Trường Đại học Đà Lạt
|